| 000 | 00724nam a2200205 i 4500 | ||
|---|---|---|---|
| 001 | 48291 | ||
| 003 | ES-MaACL | ||
| 005 | 20251003163724.0 | ||
| 007 | t| | ||
| 008 | 950711s1839 fr ||||1| fre d | ||
| 040 |
_aCAM _bspa _cCAM |
||
| 245 | 0 | 0 |
_aChroniques chevaleresques de l'Espagne et du Portugal ; suivies du Tisserand de Ségovie, drame du XVIIème siècle / _c[de J. Ruiz de Alarcon] ; publiées par Ferdinand Denis. |
| 260 |
_aParis : _bLedoyen, _c1839. |
||
| 300 |
_a1 v. (382, 492 p.) ; _c22 cm. |
||
| 505 | 8 | _aContiene 2 t. en 1 v. | |
| 700 | 1 |
_aDenis, Ferdinand Jean, _d1798-1890 _9165445 |
|
| 700 | 0 |
_aRuiz de Alarcón y Mendoza, Juan. _9100719 |
|
| 852 |
_aES-MaACL _jG-6884 |
||
| 999 |
_c48291 _d48291 |
||